The development of the tin mining industry of Malaya

Bibliographic Details
Main Author: YIP 1934-
Format: Book
Published: Kuala Lumpur : University of Malaya Press , 1969
Subjects:

MARC

LEADER 00000cam a2200000 7i4500
001 0000000314
005 20011123.0
090 0 0 |a 338.27453095951   |b YIP 1969 
100 1 0 |a YIP   |h Yat Hoong   |c 1934- 
245 1 4 |a The development of the tin mining industry of Malaya   |c Yip Yat Hoong 
260 0 0 |a Kuala Lumpur :   |b University of Malaya Press ,   |c 1969 
300 |a xvii, 446 p. :   |b ill., maps ;   |c 26 cm. 
500 0 0 |a Bibliography: [p. [408]-426] and index 
650 0 0 |a Tin industry   |z Malaya 
998 |a JPSM 
999 |a 0000001478   |b Monograph   |c Open Shelf   |e Default branch